Detalles MARC
| 000 -CABECERA |
| Longitud fija campo de control |
01689nam a2200301 i 4500 |
| 005 - • FECHA Y HORA DE LA ÚLTIMA TRANSACCIÓN |
| Fecha y hora de la última transacción |
20220317000127.0 |
| 007 - • CAMPO FIJO DE DESCRIPCIÓN FÍSICA |
| Campo fijo de descripción física |
ta |
| 008 - • CÓDIGOS DE INFORMACIÓN DE LONGITUD FIJA |
| Códigos de información de longitud fija |
200428s20112018mx gr 000 0 spa d |
| 020 ## - • NÚMERO INTERNACIONAL NORMALIZADO PARA LIBROS |
| Número Internacional Normalizado para Libros (ISBN) |
9789681607821 |
| 040 ## - FUENTE DE LA CATALOGACIÓN |
| Centro catalogador de origen |
CO-BoRNBP |
| Lengua de catalogación |
spa |
| Normas de descripción |
rda |
| Centro transcriptor |
CO-BoRNBP |
| 041 0# - • CÓDIGO DE LENGUA |
| Código de lengua del texto/banda sonora o título independiente |
spa |
| 043 ## - CÓDIGO DE ÁREA GEOGRÁFICA |
| Código de área geográfica |
s-ck--- |
| 082 04 - • NÚMERO DE LA CLASIFICACIÓN DECIMAL DEWEY |
| Número de clasificación (R) |
864.44 |
| Número del ítem |
P19a |
| Número de edición |
23 |
| 100 1# - • PUNTO DE ACCESO PRINCIPAL-NOMBRE DE PERSONA |
| Nombre de persona |
Paz, Octavio |
| Fechas asociadas al nombre |
1914-1998 |
| Término indicativo de función |
autor |
| 245 13 - • TITULO PROPIAMENTE DICHO |
| Título |
El arco y la lira : el poema. La revelación poética. Poesía e historia |
| Mención de responsabilidad, etc. |
Octavio Paz |
| 250 ## - • MENCIÓN DE EDICIÓN |
| Mención de edición |
Cuarta edición |
| Resto de la mención de edición |
Vigésimo tercera reimpresión |
| 264 #1 - PRODUCCIÓN, PUBLICACIÓN , DISTRIBUCIÓN, FABRICACIÓN Y COPYRIGHT |
| Lugar de producción, publicación, distribución, fabricación |
México |
| Nombre del productor, editor, distribuidor, fabricante |
Fondo de Cultura Económica |
| Fecha de de producción, publicación, distribución, fabricación o copyright |
2011 |
| -- |
2018 |
| 300 ## - • DESCRIPCIÓN FÍSICA |
| Extensión |
308 páginas |
| Dimensiones |
21 cm |
| 336 ## - TIPO DE CONTENIDO |
| Término de tipo de contenido |
texto |
| Código de tipo de contenido |
txt |
| Fuente |
rdacontent |
| 337 ## - TIPO DE MEDIO |
| Nombre del tipo de medio |
sin mediación |
| Código del tipo de medio |
n |
| Fuente |
rdamedia |
| 338 ## - TIPO DE SOPORTE |
| Nombre del tipo de soporte |
volumen |
| Código del tipo de soporte |
nc |
| Fuente |
rdacarrier |
| 500 ## - • NOTA GENERAL |
| Nota general |
Incluye índice onomástico |
| 520 3# - • NOTA DE RESUMEN |
| Resumen, etc, |
Reflexiones de Octavio Paz sobre el fenómeno poético. En la primera parte del libro, examina la naturaleza del poema y hace un análisis de sus componentes: lenguaje, ritmo e imagen. En la segunda parte, examina las diferencias y semejanzas entre la experiencia poética y la religiosa, dedica un capítulo al tema de la inspiración y concluye afirmando que la experiencia poética es irreductible a cualquier otra. Octavio Paz explica la manera en que la poética está directamente relacionada con la experiencia del ser humano. Sin el ser humano: lector, espectador o habitante de una obra, no se puede hablar de la existencia del fenómeno poético |
| 650 17 - • PUNTO DE ACCESO ADICIONAL DE MATERIA - TÉRMINO DE MATERIA |
| Término de materia o nombre geográfico como elemento inicial |
Autores mexicanos |
| Subdivisión de forma |
Ensayos, conferencias, etc |
| Fuente del encabezamiento o término |
ARMARC |
| 650 17 - • PUNTO DE ACCESO ADICIONAL DE MATERIA - TÉRMINO DE MATERIA |
| Término de materia o nombre geográfico como elemento inicial |
Literatura mexicana |
| Subdivisión de forma |
Ensayos, conferencias, etc |
| Fuente del encabezamiento o término |
ARMARC |
| 650 17 - • PUNTO DE ACCESO ADICIONAL DE MATERIA - TÉRMINO DE MATERIA |
| Término de materia o nombre geográfico como elemento inicial |
Poética |
| Subdivisión de forma |
Ensayos, conferencias, etc |
| Fuente del encabezamiento o término |
ARMARC |
| 942 ## - ENTRADA DE ELEMENTOS AGREGADOS (KOHA) |
| Fuente de clasificaión o esquema |
Dewey Decimal Classification |
| Koha [por defecto] tipo de item |
Libro Literatura |